000 00333nam a22001457a 4500
008 230206b ||||| |||| 00| 0 eng d
020 _a9780618949892
041 _aeng
080 _2NINTH EDITION
_a51
082 _a51BRA
100 _a20
101 _aMATE
245 _aUNDERSTANDABLE STATISTICS
_cBRASE/BRASE
942 _2udc
_cBK
999 _c59308
_d59308